| 000 | 00656nam a22001937a 4500 | ||
|---|---|---|---|
| 999 |
_c173424 _d173424 |
||
| 005 | 20200224170051.0 | ||
| 010 | _aENG-127941 | ||
| 020 |
_a9788179665015 _c180.00 |
||
| 035 | _aEN-111473 | ||
| 037 | _bDBAD/PUB | ||
| 082 | _a881 | ||
| 100 | _aM Elangovan | ||
| 245 |
_aMoral Aesthetics: _bAn Anthology of Avvaiyar's Didactic Poetry/ _cby M Elangovan |
||
| 260 |
_aChennai _bOlivannan Gopalakrishnan Emerald Publishers _c2019 |
||
| 270 |
_a15/A, First Floor, Casa Major Road Egmore, _bChennai _e600008 _k+914428193206,42146994 _minfo@emeraldpublishers.com |
||
| 300 |
_a117p. _c22cm(pbk) |
||
| 500 | _a | ||
| 942 |
_2ddc _cEN _h881 _mMEL |
||